[Event "Amsterdam VSB  Euwe mem"]
[Site "Amsterdam"]
[Date "1996.04.01"]
[Round "9"]
[White "Anand, Viswanathan"]
[Black "Lautier, Joel"]
[Result "1/2-1/2"]
[WhiteElo "2725"]
[BlackElo "2630"]
[PlyCount "58"]
[EventDate "1996.03.??"]
[Source "ChessBase"]

1. e4 c5 2. Nf3 d6 3. d4 cxd4 4. Nxd4 Nf6 5. Nc3 a6 6. Be2 e5 7. Nb3 Be7 8. O-O
Be6 9. f4 Qc7 10. Kh1 Nbd7 11. a4 O-O 12. g4 Bxb3 13. cxb3 Nc5 14. Bf3 exf4 15.
Bxf4 h6 16. Be3 Qa5 17. Bxc5 Qxc5 18. Rc1 Qe5 19. Be2 Nxe4 20. Nxe4 Qxe4+ 21.
Bf3 Qe5 22. Bxb7 Ra7 23. Bd5 Bf6 24. Rc2 a5 25. Re2 Qd4 26. Qxd4 Bxd4 27. h4
Rc7 28. h5 Bf6 29. Bc4 Rcc8 1/2-1/2

[Event "Las Palmas"]
[Site "Las Palmas"]
[Date "1996.12.17"]
[Round "7"]
[White "Anand, Viswanathan"]
[Black "Karpov, Anatoly"]
[Result "1-0"]
[WhiteElo "2735"]
[BlackElo "2775"]
[PlyCount "71"]
[EventDate "1996.12.08"]
[Source "ChessBase"]
[SourceDate "1997.04.10"]

1. Nf3 d5 2. d4 e6 3. c4 dxc4 4. e4 b5 5. a4 c6 6. axb5 cxb5 7. b3 Bb7 8. bxc4
Bxe4 9. cxb5 Nf6 10. Be2 Be7 11. O-O O-O 12. Nc3 Bb7 13. Ne5 a6 14. Bf3 Nd5 15.
Nxd5 exd5 16. Rb1 Qb6 17. Be2 axb5 18. Rxb5 Qc7 19. Bf4 Bd6 20. Bd3 Ba6 21.
Bxh7+ Kxh7 22. Qh5+ Kg8 23. Rb3 Bxe5 24. Rh3 f6 25. dxe5 Qe7 26. Qh7+ Kf7 27.
Rg3 Ke8 28. Rxg7 Qe6 29. exf6 Nc6 30. Ra1 Kd8 31. h4 Bb7 32. Rc1 Ba6 33. Ra1
Bb7 34. Rd1 Ba6 35. Qb1 Rxf6 36. Bg5 1-0

[Event "Leon m"]
[Site "Leon"]
[Date "1997.06.08"]
[Round "1"]
[White "Anand, Viswanathan"]
[Black "Illescas Cordoba, Miguel"]
[Result "1/2-1/2"]
[WhiteElo "2765"]
[BlackElo "2635"]
[PlyCount "86"]
[EventDate "1997.06.08"]
[Source "ChessBase"]
[SourceDate "1997.10.13"]

1. d4 Nf6 2. Nf3 e6 3. c4 Bb4+ 4. Nbd2 b6 5. a3 Bxd2+ 6. Bxd2 Bb7 7. Bg5 h6 8.
Bh4 d6 9. e3 Nbd7 10. Qc2 Qe7 11. Rd1 g5 12. Bg3 Be4 13. Bd3 Bxd3 14. Qxd3 Nh5
15. d5 e5 16. Nd2 O-O 17. Qe2 Ng7 18. e4 f5 19. f3 Nh5 20. exf5 Rxf5 21. Ne4
Ndf6 22. O-O Rf8 23. Nf2 Nf4 24. Qc2 Qh7 25. Bxf4 Rxf4 26. Qe2 e4 27. Nxe4 Nxe4
28. g3 Nxg3 29. hxg3 R4f6 30. Rd3 Qd7 31. Kg2 Re8 32. Re3 Rxe3 33. Qxe3 Qf5 34.
Re1 Kg7 35. Qc3 Kf7 36. g4 Qg6 37. b4 h5 38. Qe3 hxg4 39. fxg4 Kg7 40. Re2 Rf4
41. Qe7+ Rf7 42. Qe3 Rf4 43. Qe7+ Rf7 1/2-1/2

[Event "Leon m"]
[Site "Leon"]
[Date "1997.06.10"]
[Round "3"]
[White "Anand, Viswanathan"]
[Black "Illescas Cordoba, Miguel"]
[Result "1-0"]
[WhiteElo "2765"]
[BlackElo "2635"]
[PlyCount "85"]
[EventDate "1997.06.08"]
[Source "ChessBase"]
[SourceDate "1997.10.13"]

1. d4 Nf6 2. Nf3 e6 3. c4 c5 4. d5 exd5 5. cxd5 d6 6. Nc3 g6 7. e4 Bg7 8. Be2
O-O 9. O-O a6 10. a4 Bg4 11. Bf4 Qe7 12. Nd2 Bxe2 13. Qxe2 Nh5 14. Be3 Nd7 15.
Rae1 b5 16. axb5 axb5 17. Nxb5 Rfb8 18. Rb1 Ra2 19. b4 cxb4 20. Rxb4 Rc2 21.
Qd1 Rc7 22. Rb3 Rcb7 23. Nd4 Rxb3 24. N4xb3 Qh4 25. Nd4 Ne5 26. N4f3 Nxf3+ 27.
Qxf3 Re8 28. Rc1 Nf6 29. h3 Nd7 30. Rc7 Ne5 31. Qd1 h5 32. Qc2 Ra8 33. Rc8+
Rxc8 34. Qxc8+ Kh7 35. g3 Qf6 36. Kg2 h4 37. f4 Nd3 38. e5 dxe5 39. Ne4 Qf5 40.
Ng5+ Kh6 41. Qg8 Nxf4+ 42. gxf4 Qc2+ 43. Bf2 1-0

[Event "Leon m"]
[Site "Leon"]
[Date "1997.06.11"]
[Round "4"]
[White "Illescas Cordoba, Miguel"]
[Black "Anand, Viswanathan"]
[Result "1/2-1/2"]
[WhiteElo "2635"]
[BlackElo "2765"]
[PlyCount "43"]
[EventDate "1997.06.08"]
[Source "ChessBase"]
[SourceDate "1997.10.13"]

1. d4 d5 2. c4 dxc4 3. Nf3 e6 4. e3 Nf6 5. Bxc4 c5 6. O-O a6 7. Bb3 Nc6 8. Nc3
cxd4 9. exd4 Be7 10. Re1 O-O 11. Bg5 b5 12. Qd3 Bb7 13. Rad1 Nb4 14. Qe2 Nbd5
15. Ne5 Nxc3 16. bxc3 Nd5 17. Bxe7 Qxe7 18. Qd2 Rac8 19. Rc1 Rfd8 20. Nd3 Nf6
21. Qb2 Qd6 22. Ne5 1/2-1/2

[Event "Leon m"]
[Site "Leon"]
[Date "1997.06.12"]
[Round "5"]
[White "Anand, Viswanathan"]
[Black "Illescas Cordoba, Miguel"]
[Result "1/2-1/2"]
[WhiteElo "2765"]
[BlackElo "2635"]
[PlyCount "109"]
[EventDate "1997.06.08"]
[Source "ChessBase"]
[SourceDate "1997.10.13"]

1. d4 d5 2. Nf3 Nf6 3. c4 e6 4. Nc3 Be7 5. Bg5 Nbd7 6. e3 h6 7. Bh4 O-O 8. Rc1
a6 9. cxd5 exd5 10. Bd3 c6 11. O-O Ne4 12. Bxe7 Qxe7 13. Qc2 Re8 14. Rce1 Nf8
15. Nd2 Nxd2 16. Qxd2 Be6 17. f4 f6 18. Rf3 f5 19. Qc2 Qh4 20. Ref1 Qf6 21. Ne2
Re7 22. Qd2 Bf7 23. Rg3 Rae8 24. Bc2 Nd7 25. Qd3 Nb6 26. b3 Nc8 27. Qxf5 Qxf5
28. Bxf5 Nd6 29. Bb1 Rxe3 30. Rxe3 Rxe3 31. Kf2 Re8 32. Nc3 g5 33. fxg5 hxg5
34. Re1 Rxe1 35. Kxe1 a5 36. Kd2 Kg7 37. Na4 Bg6 38. Bxg6 Kxg6 39. Nc5 Kf5 40.
Ke3 Kg4 41. Kd3 Kf4 42. a4 Kf5 43. b4 b6 44. Nd7 Nc4 45. bxa5 bxa5 46. Nb8 Nb2+
47. Ke3 Nc4+ 48. Ke2 Ke4 49. Nxc6 Nb2 50. Nxa5 Nxa4 51. Nc6 Nc3+ 52. Kf2 Nb5
53. Ne7 Nxd4 54. Nxd5 Kxd5 55. Kg3 1/2-1/2

[Event "Leon m"]
[Site "Leon"]
[Date "1997.??.??"]
[Round "6"]
[White "Illescas Cordoba, Miguel"]
[Black "Anand, Viswanathan"]
[Result "0-1"]
[WhiteElo "2635"]
[BlackElo "2765"]
[PlyCount "74"]
[EventDate "1997.06.08"]
[Source "ChessBase"]
[SourceDate "1997.10.13"]

1. d4 d5 2. c4 dxc4 3. Nf3 Nf6 4. e3 e6 5. Bxc4 c5 6. O-O a6 7. Bb3 Nc6 8. Nc3
cxd4 9. exd4 Be7 10. Re1 O-O 11. Bf4 Na5 12. Bc2 b5 13. d5 exd5 14. Qd3 g6 15.
Rxe7 Qxe7 16. Bg5 Qd6 17. Qd4 Nh5 18. Nxd5 Nc6 19. Qd2 f6 20. Bb3 Kh8 21. Be3
Bg4 22. Nb6 Qxd2 23. Nxd2 Rad8 24. h3 Be2 25. Rc1 Nd4 26. Rc7 Ng7 27. Ne4 Nxb3
28. axb3 Kg8 29. Bh6 Ne8 30. Re7 Rf7 31. Re6 Bd3 32. Nc5 Ng7 33. Rc6 Nf5 34.
Nxd3 Nxh6 35. Nc5 Nf5 36. Ne6 Rd1+ 37. Kh2 Ne7 0-1

[Event "Dortmund"]
[Site "Dortmund"]
[Date "1997.??.??"]
[Round "4"]
[White "Anand, Viswanathan"]
[Black "Huebner, Robert"]
[Result "1/2-1/2"]
[WhiteElo "2765"]
[BlackElo "2580"]
[PlyCount "120"]
[EventDate "1997.07.04"]
[Source "ChessBase"]
[SourceDate "1997.10.13"]

1. Nf3 d5 2. d4 e6 3. c4 dxc4 4. e4 b5 5. a4 Bb7 6. axb5 Bxe4 7. Bxc4 Nf6 8.
Nc3 Bb7 9. O-O Be7 10. Qe2 O-O 11. Rd1 Nd5 12. Ne5 c6 13. Nxd5 cxd5 14. Bd3 Bd6
15. Bf4 Qe7 16. Rdc1 Nd7 17. Nc6 Bxc6 18. Bxd6 Qxd6 19. bxc6 Nb6 20. Qc2 g6 21.
Qc5 Qxc5 22. Rxc5 Rfc8 23. b4 Rc7 24. b5 Kf8 25. Rc2 Ke7 26. Rca2 Kd6 27. Kf1
Nc4 28. Ke2 Rb8 29. Rb1 Rb6 30. Kd1 e5 31. Bxc4 dxc4 32. dxe5+ Kxe5 33. Kc2 Kd4
34. Ra4 Kc5 35. Ra5 Kd4 36. Rb4 a6 37. bxa6 Rxb4 38. a7 Rxa7 39. Rxa7 Rb6 40.
Rd7+ Ke5 41. c7 Rc6 42. Rxf7 h5 43. Kc3 h4 44. Rg7 Kf5 45. Rd7 h3 46. g3 Ke6
47. Rh7 Ke5 48. f3 Ke6 49. Rxh3 Rxc7 50. Rh4 g5 51. Rxc4 Rf7 52. Re4+ Kd5 53.
Re3 Ra7 54. Kd2 Ra2+ 55. Ke1 Rxh2 56. Kf1 Ra2 57. Re2 Ra4 58. Kg2 g4 59. fxg4
Rxg4 60. Re8 Rg7 1/2-1/2

[Event "Dortmund"]
[Site "Dortmund"]
[Date "1997.??.??"]
[Round "6"]
[White "Anand, Viswanathan"]
[Black "Gelfand, Boris"]
[Result "1/2-1/2"]
[WhiteElo "2765"]
[BlackElo "2695"]
[PlyCount "91"]
[EventDate "1997.07.04"]
[Source "ChessBase"]
[SourceDate "1997.10.13"]

1. Nf3 Nf6 2. d4 g6 3. c4 Bg7 4. Nc3 O-O 5. e4 d6 6. Be2 e5 7. O-O Nc6 8. d5
Ne7 9. b4 Nh5 10. Nd2 Nf4 11. Bf3 Nd3 12. Ba3 a5 13. bxa5 Rxa5 14. Nb5 Bd7 15.
Nb3 Ra4 16. Bxd6 cxd6 17. Qxd3 Bxb5 18. cxb5 Bh6 19. Bd1 Kg7 20. Qc2 Qc8 21.
Qxc8 Nxc8 22. Nc5 Rb4 23. a3 Rxb5 24. Na4 f5 25. exf5 gxf5 26. Be2 Rxd5 27.
Rfb1 Ra5 28. Nb6 Nxb6 29. Rxb6 d5 30. Rxb7+ Rf7 31. Rb5 Rfa7 32. Rab1 Bg5 33.
Rxa5 Rxa5 34. Rb5 Rxb5 35. Bxb5 Kf6 36. Bd7 e4 37. g4 fxg4 38. Bxg4 d4 39. a4
Bd2 40. Kf1 d3 41. Bc8 Ke5 42. h3 Ba5 43. Bd7 Kf4 44. Bg4 h6 45. Bd7 h5 46. Be8
1/2-1/2

[Event "Dortmund"]
[Site "Dortmund"]
[Date "1997.07.12"]
[Round "8"]
[White "Anand, Viswanathan"]
[Black "Short, Nigel D"]
[Result "1-0"]
[WhiteElo "2765"]
[BlackElo "2660"]
[PlyCount "95"]
[EventDate "1997.07.04"]
[Source "ChessBase"]
[SourceDate "1997.10.13"]

1. e4 e5 2. Nf3 Nc6 3. Bb5 a6 4. Ba4 Nf6 5. O-O Be7 6. Re1 d6 7. c3 Bg4 8. d3
Nd7 9. Be3 Bxf3 10. Qxf3 Bg5 11. Nd2 O-O 12. Bc2 h6 13. Rf1 Nb6 14. Rad1 Bxe3
15. fxe3 g6 16. Qg3 Qg5 17. Qh3 Kg7 18. Rf3 Rg8 19. Rdf1 Raf8 20. Bb3 Nd8 21.
Nc4 Nxc4 22. Bxc4 Qe7 23. Rf6 Re8 24. Qh4 Rgf8 25. b4 Qd7 26. Bd5 c6 27. Bb3
Ne6 28. Qg3 Qd8 29. Qf3 Ng5 30. Qg4 d5 31. exd5 cxd5 32. h4 Nh7 33. R6f5 f6 34.
h5 Ng5 35. hxg6 Qd6 36. d4 Ne4 37. dxe5 Rxe5 38. Rxe5 Qxe5 39. Rf5 Qxc3 40.
Rxd5 Qxe3+ 41. Kh2 Ng5 42. Qd7+ Kxg6 43. Bc2+ Kh5 44. Qf5 Kh4 45. Rd3 Qe5+ 46.
g3+ Kh5 47. Bd1+ Qe2+ 48. Bxe2# 1-0

[Event "Hoogovens"]
[Site "Wijk aan Zee"]
[Date "1998.01.29"]
[Round "11"]
[White "Anand, Viswanathan"]
[Black "Adams, Michael"]
[Result "1/2-1/2"]
[WhiteElo "2770"]
[BlackElo "2670"]
[PlyCount "43"]
[EventDate "1998.01.16"]
[Source "ChessBase"]
[SourceDate "1998.04.09"]

1. d4 Nf6 2. Nf3 e6 3. c4 b6 4. g3 Ba6 5. b3 Bb4+ 6. Bd2 Be7 7. Bg2 c6 8. Bc3
d5 9. Ne5 Nfd7 10. Nxd7 Nxd7 11. Nd2 O-O 12. O-O Nf6 13. e4 b5 14. Re1 dxe4 15.
Qc2 Rc8 16. Rad1 Nd5 17. Bxe4 Nxc3 18. Qxc3 Bf6 19. Qc2 g6 20. Nf3 bxc4 21.
bxc4 Qa5 22. Re3 1/2-1/2

[Event "Tilburg Fontys"]
[Site "Tilburg"]
[Date "1998.10.24"]
[Round "2"]
[White "Anand, Viswanathan"]
[Black "Kramnik, Vladimir"]
[Result "1-0"]
[WhiteElo "2795"]
[BlackElo "2780"]
[PlyCount "69"]
[EventDate "1998.10.23"]
[Source "ChessBase"]
[SourceDate "1998.11.10"]

1. e4 e5 2. Nf3 Nf6 3. Nxe5 d6 4. Nf3 Nxe4 5. d4 d5 6. Bd3 Nc6 7. O-O Be7 8.
Re1 Bg4 9. c3 f5 10. Qb3 O-O 11. Nbd2 Na5 12. Qa4 Nc6 13. Bb5 Nxd2 14. Nxd2 Qd6
15. h3 Bh5 16. Nb3 Bh4 17. Nc5 Bxf2+ 18. Kxf2 Qh2 19. Bxc6 bxc6 20. Qxc6 f4 21.
Qxd5+ Kh8 22. Qxh5 f3 23. Qxf3 Rxf3+ 24. Kxf3 Rf8+ 25. Ke2 Qxg2+ 26. Kd3 Qxh3+
27. Kc2 Qg2+ 28. Bd2 Qg6+ 29. Re4 h5 30. Rae1 Re8 31. Kc1 Rxe4 32. Nxe4 h4 33.
Ng5 Qh5 34. Re3 Kg8 35. c4 1-0

[Event "Tilburg Fontys"]
[Site "Tilburg"]
[Date "1998.10.29"]
[Round "6"]
[White "Anand, Viswanathan"]
[Black "Adams, Michael"]
[Result "1-0"]
[WhiteElo "2795"]
[BlackElo "2715"]
[PlyCount "63"]
[EventDate "1998.10.23"]
[Source "ChessBase"]
[SourceDate "1998.11.10"]

1. d4 Nf6 2. c4 e6 3. Nf3 b6 4. Nc3 Bb4 5. Qc2 Bb7 6. a3 Bxc3+ 7. Qxc3 O-O 8.
Bg5 h6 9. Bh4 c5 10. Rd1 Ne4 11. Qc2 Qe8 12. e3 f5 13. Be2 Nc6 14. dxc5 bxc5
15. Nd2 Ne5 16. Nxe4 Bxe4 17. Qc3 Ng6 18. Bh5 f4 19. f3 Rf5 20. Bxg6 Qxg6 21.
fxe4 Qxg2 22. Rf1 Rh5 23. Rxf4 Qg1+ 24. Ke2 Qxh2+ 25. Bf2 e5 26. Rf3 Rg5 27.
Qd3 Rb8 28. Rd2 Qh5 29. Qxd7 Kh8 30. Qh3 Qe8 31. Rf5 Rg6 32. Qf3 1-0

[Event "Tilburg Fontys"]
[Site "Tilburg"]
[Date "1998.11.03"]
[Round "10"]
[White "Anand, Viswanathan"]
[Black "Sadler, Matthew"]
[Result "1/2-1/2"]
[WhiteElo "2795"]
[BlackElo "2660"]
[PlyCount "65"]
[EventDate "1998.10.23"]
[Source "ChessBase"]
[SourceDate "1998.11.10"]

1. e4 c5 2. Nf3 d6 3. d4 cxd4 4. Nxd4 Nf6 5. Nc3 a6 6. Be3 e5 7. Nb3 Be6 8. f3
Be7 9. Qd2 h5 10. O-O-O Nbd7 11. g3 Rc8 12. Nd5 Bxd5 13. exd5 Nb6 14. Bxb6 Qxb6
15. Bh3 Rc7 16. Kb1 h4 17. Qe1 Kf8 18. f4 exf4 19. gxf4 Rh5 20. Bg2 Rc4 21. Rf1
Rf5 22. Qxh4 Nh5 23. Qh3 g6 24. Rfe1 Bf6 25. Be4 Rxf4 26. Qd3 Rc7 27. Bf3 Rh4
28. Qd2 Kg7 29. c3 Be5 30. Rxe5 dxe5 31. d6 Rd7 32. Qe1 e4 33. Qxh4 1/2-1/2

[Event "Tilburg Fontys"]
[Site "Tilburg"]
[Date "1998.11.04"]
[Round "11"]
[White "Svidler, Peter"]
[Black "Anand, Viswanathan"]
[Result "1/2-1/2"]
[WhiteElo "2710"]
[BlackElo "2795"]
[PlyCount "34"]
[EventDate "1998.10.23"]
[Source "ChessBase"]
[SourceDate "1998.11.10"]

1. e4 c6 2. d4 d5 3. e5 Bf5 4. Nf3 e6 5. Be2 c5 6. Be3 cxd4 7. Nxd4 Ne7 8. c4
Nbc6 9. Qa4 a6 10. Na3 Qa5+ 11. Qxa5 Nxa5 12. O-O dxc4 13. Nxc4 Nxc4 14. Bxc4
Be4 15. Rac1 Bd5 16. Be2 Rc8 17. Rxc8+ Nxc8 1/2-1/2

[Event "Corus"]
[Site "Wijk aan Zee"]
[Date "2000.01.15"]
[Round "1"]
[White "Timman, Jan H"]
[Black "Anand, Viswanathan"]
[Result "1/2-1/2"]
[WhiteElo "2655"]
[BlackElo "2769"]
[PlyCount "83"]
[EventDate "2000.01.15"]
[Source "ChessBase"]
[SourceDate "2000.04.05"]

1. d4 Nf6 2. c4 e6 3. Nc3 Bb4 4. e3 c5 5. Nge2 cxd4 6. exd4 O-O 7. a3 Be7 8.
Nf4 d5 9. cxd5 Nxd5 10. Ncxd5 exd5 11. Bd3 Nc6 12. O-O Bf6 13. Be3 g6 14. Rc1
Bg7 15. Bb1 Ne7 16. Re1 Re8 17. Qf3 Qb6 18. b4 Be6 19. h4 Bd7 20. Ba2 Bc6 21.
Nxd5 Nxd5 22. Bxd5 Bxd5 23. Qxd5 Rad8 24. Qc5 Qa6 25. Bg5 Rxe1+ 26. Rxe1 Bxd4
27. Qc7 Rf8 28. Be3 Bxe3 29. Rxe3 h5 30. g3 b5 31. Rf3 Kg7 32. Kg2 Kg8 33. Kh2
Kg7 34. Kg1 Kg8 35. Kg2 Kg7 36. Rc3 Re8 37. Rf3 Rf8 38. Kh2 Kg8 39. Rc3 Re8 40.
Qc6 Qxc6 41. Rxc6 Re6 42. Rxe6 1/2-1/2

[Event "FIDE World Cup-D"]
[Site "Shenyang"]
[Date "2000.09.03"]
[Round "3"]
[White "Gelfand, Boris"]
[Black "Anand, Viswanathan"]
[Result "1/2-1/2"]
[WhiteElo "2681"]
[BlackElo "2762"]
[PlyCount "42"]
[EventDate "2000.08.01"]
[Source "ChessBase"]
[SourceDate "2000.11.21"]

1. d4 Nf6 2. c4 e6 3. Nf3 b6 4. g3 Ba6 5. b3 Bb4+ 6. Bd2 Be7 7. Bg2 c6 8. Bc3
d5 9. Ne5 Nfd7 10. Nxd7 Nxd7 11. Nd2 O-O 12. O-O Rc8 13. e4 c5 14. exd5 exd5
15. dxc5 dxc4 16. c6 cxb3 17. Re1 b2 18. Bxb2 Nc5 19. Nb3 Nd3 20. Re2 Bb4 21.
Bd4 Bc5 1/2-1/2

[Event "Bundesliga Playoff 2003-4"]
[Site "Baden Baden GER"]
[Date "2004.05.09"]
[Round "16"]
[White "Lutz, C."]
[Black "Anand, V."]
[Result "0-1"]
[WhiteElo "2597"]
[BlackElo "2774"]
[PlyCount "72"]
[EventDate "2004.04.01"]
[Source "Mark Crowther"]
[SourceDate "2004.05.11"]
[WhiteTeamCountry "GER"]
[BlackTeamCountry "GER"]

1. e4 e5 2. Nf3 Nc6 3. Bb5 a6 4. Ba4 Nf6 5. O-O Be7 6. Re1 b5 7. Bb3 O-O 8. h3
Bb7 9. d3 d6 10. a3 Na5 11. Ba2 c5 12. Nbd2 Bc8 13. c3 Nc6 14. d4 Bd7 15. d5
Na5 16. b3 Qc7 17. c4 Rfb8 18. Nf1 bxc4 19. bxc4 Rb7 20. Bd2 Rab8 21. Re3 g6
22. Ng3 Ne8 23. Qc2 Rb2 24. Qc3 Bd8 25. Re2 Ba4 26. Bg5 R2b7 27. Bxd8 Qxd8 28.
Nd2 Bb3 29. Re3 Bxa2 30. Rxa2 Nf6 31. Ra1 h5 32. f3 h4 33. Ngf1 Nh5 34. Ree1
Nf4 35. Ne3 Nb3 36. Ra2 Nd4 0-1

[Event "ARM-ROW Match"]
[Site "Moscow RUS"]
[Date "2004.06.11"]
[Round "2"]
[White "Vaganian, R."]
[Black "Anand, V."]
[Result "1/2-1/2"]
[WhiteElo "2639"]
[BlackElo "2774"]
[PlyCount "38"]
[EventDate "2004.06.10"]
[Source "Mark Crowther"]
[SourceDate "2004.06.14"]
[WhiteTeamCountry "GER"]
[BlackTeamCountry "GER"]

1. d4 Nf6 2. c4 e6 3. g3 c5 4. Nf3 cxd4 5. Nxd4 a6 6. Bg2 Qc7 7. b3 Bb4+ 8. Bd2
Bc5 9. Nc2 d5 10. cxd5 Nxd5 11. O-O O-O 12. e4 Nf6 13. Nc3 Nc6 14. Rc1 Rd8 15.
Qe2 Bd7 16. Rfd1 Ne5 17. Bf4 Bc6 18. Ne3 Qa5 19. Bxe5 Bxe3 1/2-1/2